00852nam a22002417a 45000010005000000030006000050050017000110080041000280200018000690400029000870500008001160820010001241000027001342450092001612600037002533000056002905050007003465200153003535210027005065210018005336500028005517000031005799037FISKH20251118090446.0251117b cb ||||| |||| 00| 0 eng d a9781845770778 aFISKHbengcFISKHdFISKH aPZ7 a398.2 aBlack, Claire eAuthor aSnow white and the seven dwarfs /cEdited by Claire Black ; Illustrated by Eric Kincaid aChina :bBerryland Books ,c2004 a23 unnumbered pages :bcolor illustrations ;c23 cm aG  aClassic story of Snow White with audio CD so your little one can listen to story while they follow along with the book. Great for beginning readers.8 a300 bLexile estimate 8 aG bRaz-Plus  aFairy talesvSnow White aKincaid, EriceIllustrator